000 00284nam a2200121 a 4500
008 101208s1964|||| d
245 1 0 _aModerné umenie a dnešok
100 1 _aZykmund, Václav
260 _bSVKL
_aBratislava
_c1964
020 _c13
041 _aslo
044 _axo
_cSK
999 _c14930
_d14930